000 00540nam a2200145Ia 4500
008 100204s9999 xx 000 0 und d
082 _b26824
100 _aरानडे प्रतिभा
245 _aअफगाण डायरी काल आणि आज
260 _b"राजहंस प्रकाशन , पुणे"
_c2003-3
300 _a291
630 _aअफगाण डायरी काल आणि आज
730 _aअफगाण डायरी काल आणि आज
942 _cBOOK
999 _c472003
_d472000